Gaming Quiz

Random Gaming or Minefield Quiz

Clickable Chess Moves Quiz Stats

 Plays Quiz Updated Jul 21, 2018

Challenge
Share
Tweet
Score 0/28 Timer 02:00
246 Plays Today
% Correct
???
75.4%
???
75.1%
???
74.2%
???
73.7%
???
73.5%
???
73.3%
???
73%
???
72.9%
???
72.2%
???
71.2%
???
71.1%
???
70.7%
???
69.4%
???
68%
% Correct
???
67.7%
???
67%
???
65.4%
???
62.3%
???
61.7%
???
61.5%
???
57.4%
???
57.2%
???
55.8%
???
55.7%
???
55.4%
???
52.4%
???
48.7%
???
47.1%

You're not logged in!

Compare scores with friends on all Sporcle quizzes.
Join for Free
OR
Log In

You Might Also Like...

Show Comments

Extras

Top Quizzes Today


Score Distribution

Your Account Isn't Verified!

In order to create a playlist on Sporcle, you need to verify the email address you used during registration. Go to your Sporcle Settings to finish the process.

Report this User

Report this user for behavior that violates our Community Guidelines.

Details: